[Event "Muret Veterans op"]
[Site "Muret"]
[Date "2009.06.19"]
[Round "5"]
[White "Delhom, Raoul"]
[Black "Treiber, Jean"]
[Result "0-1"]
[WhiteElo "1773"]
[BlackElo "1817"]
[PlyCount "70"]
[EventDate "2009.06.15"]
[EventType "swiss"]
[EventRounds "7"]
[EventCountry "FRA"]
[SourceTitle "EXT 2010"]
[Source "ChessBase"]
[SourceDate "2010.11.25"]
[SourceVersion "1"]
[SourceVersionDate "2010.11.25"]
[SourceQuality "1"]

1. Nf3 Nf6 2. g3 b6 3. Bg2 Bb7 4. d3 d5 5. 0-0 e6 6. Nbd2 c5 7. c3 Nbd7 8. Re1 Be7 9. e4 dxe4 10. dxe4 e5 11. Qc2 0-0 12. Nc4 Qc7 13. Nfxe5 Nxe5 14. Bf4 Bd6 15. Bxe5 Bxe5 16. f4 Bxf4 17. gxf4 Qxf4 18. e5 Bxg2 19. Qxg2 Nd7 20. Re4 Qf5 21. Rf1 Qe6 22. Kh1 Rad8 23. Rg1 g6 24. h4 Qf5 25. Rf1 Qh5 26. Qg3 Rde8 27. Rfe1 Re7 28. Nd6 Re6 29. Qf4 f6 30. exf6 Rexf6 31. Qg3 Qd5 32. Nb5 Rf1+ 33. Rxf1 Rxf1+ 34. Kg2 Qxe4+ 35. Kxf1 Qc4+ 0-1

[Event "Lyon op"]
[Site "Lyon"]
[Date "2005.04.17"]
[Round "2"]
[White "Delhom, Raoul"]
[Black "Dubreuil, Julien"]
[Result "0-1"]
[WhiteElo "1947"]
[BlackElo "2201"]
[PlyCount "66"]
[EventDate "2005.04.16"]
[EventType "swiss"]
[EventRounds "9"]
[EventCountry "FRA"]
[SourceTitle "CBM 105 Extra"]
[Source "ChessBase"]
[SourceDate "2005.05.01"]
[SourceVersion "1"]
[SourceVersionDate "2005.05.01"]
[SourceQuality "1"]

1. Nf3 Nf6 2. g3 d5 3. Bg2 Bg4 4. d3 Nbd7 5. Nbd2 c6 6. 0-0 e6 7. e4 Bc5 8. Qe1 0-0 9. e5 Ne8 10. d4 Be7 11. h3 Bf5 12. Qd1 Nc7 13. c3 a5 14. a4 Na6 15. b3 b6 16. Ba3 Bxa3 17. Rxa3 h6 18. Nh4 Bh7 19. f4 c5 20. Nhf3 Rc8 21. Qe2 cxd4 22. Nxd4 Rxc3 23. Qxa6 Bd3 24. Nb5 Qe7 25. Raa1 Rc2 26. Rad1 Qc5+ 27. Kh2 Bxf1 28. Nxf1 Qf2 29. Rd2 Rxd2 30. Nxd2 Qxd2 31. Nd6 Qb4 32. Qd3 Nc5 33. Qe3 Qxb3 0-1

[Event "Syre Memorial op 20th"]
[Site "Issy les Moulineaux"]
[Date "1997.05.??"]
[Round "?"]
[White "Wehmmeier, M."]
[Black "Delhom, Raoul"]
[Result "1-0"]
[WhiteElo "1980"]
[BlackElo "1650"]
[PlyCount "81"]
[EventDate "1997.05.??"]
[EventType "swiss"]
[EventRounds "9"]
[EventCountry "FRA"]
[SourceTitle "EXT 2007"]
[Source "ChessBase"]
[SourceDate "2006.11.23"]
[SourceVersion "1"]
[SourceVersionDate "2006.11.23"]
[SourceQuality "1"]

1. d4 Nf6 2. Nf3 g6 3. c4 c5 4. e3 cxd4 5. Nxd4 Bg7 6. Be2 0-0 7. 0-0 Nc6 8. Nc3 d6 9. Bf3 Ne5 10. Be2 a6 11. Bd2 Qc7 12. Nd5 Nxd5 13. cxd5 Nd7 14. Bc3 Nf6 15. Bf3 e6 16. dxe6 fxe6 17. Rc1 Qe7 18. e4 e5 19. Qb3+ Kh8 20. Nc2 g5 21. h3 Bh6 22. g4 Bg7 23. Bg2 b5 24. Ne3 Bb7 25. Nf5 Qd8 26. Rfd1 Nxe4 27. Bxe4 Bxe4 28. Nxg7 Qb6 29. Nf5 Bxf5 30. gxf5 Rxf5 31. Be1 Raf8 32. Qe3 Qxe3 33. fxe3 Rf3 34. Rc3 Rxh3 35. Rxd6 Rhf3 36. Kg2 Rf1 37. Bg3 e4 38. Rxa6 Rd1 39. Rc7 Rd5 40. Re6 g4 41. Be5+ 1-0